| 000 | 01799nam0a2200349 i 4500 | ||
|---|---|---|---|
| 001 | RU\NLR\BIBL_A\010781384 | ||
| 005 | 20260408202137.0 | ||
| 010 |
_a9785946980982 _92000 |
||
| 035 | _a(NLR Aleph) 010781384 | ||
| 090 |
_a10070094 _c10070094 |
||
| 100 | _a20150616d2012 u y0rusy50 ca | ||
| 101 | 1 |
_arus _cger |
|
| 102 | _aRU | ||
| 105 | _aach|z|||001yy | ||
| 200 | 1 |
_aМировая история в свете Святого Грааля _eвеликое девятое столетие _fВальтер Йоханнес Штайн _g[пер. с нем.: В. Микушевич] |
|
| 210 |
_aМосква _cЭнигма _cОДДИ-Стиль _d2012 |
||
| 215 |
_a475, [4] с. _cил., портр., факс. _d21 |
||
| 300 | _aЗагл. и авт. ориг.: Weltgeschichte im Lichte des Heiligen Gral / Walter Johannes Stein | ||
| 300 | _aНа обороте тит. л. авт.: В.Й. Штайн, философ, преп. | ||
| 320 | _aБиблиогр. в подстроч. примеч. | ||
| 454 | 0 |
_12001#$aWeltgeschichte im Lichte des Heiligen Gral$fWalter Johannes Stein _1700#1$aStein$bW. J.$gWalter Johannes _tWeltgeschichte im Lichte des Heiligen Gral _aStein, Walter Johannes |
|
| 500 | 1 | 0 |
_aИстория святого Грааля _92635983 _3RU\NLR\AUTH\5504997 |
| 605 |
_a"Грааль" _lзападноевропейская средневековая легенда о таинственной чаше _3RU\NLR\AUTH\661492059 _92517593 |
||
| 606 |
_aСредние века _xИстория _9911240 _3RU\NLR\AUTH\6613108 |
||
| 686 | 1 | _aЭ37-5 | |
| 686 | 1 | _aТ3(0)4,02 | |
| 700 | 1 |
_aШтайн _bВ.Й. _gВальтер Йоханнес |
|
| 942 | _cBOOK | ||
| 980 | _aNBR | ||